00615 2200229 4500001002100000005001700021008004100038020002200079035002500101040001200126082001700138084001900155100001700174245005800191250001100249260003300260300002300293650002000316700001900336850001200355990001800367INLIS00000000001180820151030113848.0  a978-602-7665-09-4 a0010-091500000000321 aYOPDYOG 223a899.2213 a899.2213 Pit P aPITOYO Amrih aPandawa tujuhc/ Pitoyo Amrih; Editor, Misni Parjiati aCet. 1 aJogjakartabDiva Pressc2012 a494 hlm.c; 20 cm. aFiksi Indonesia aMISNI Parjiati aYOPDYOG a49889-PD/A.15